Normal view MARC view
  • Khurshid,Anwar

Entry Personal Name

Number of records used in: 2

001 - CONTROL NUMBER

  • control field: 133237

003 - CONTROL NUMBER IDENTIFIER

  • control field: NUST

005 - DATE AND TIME OF LATEST TRANSACTION

  • control field: 20260216114529.0

008 - FIXED-LENGTH DATA ELEMENTS

  • fixed length control field: 260216|| aca||aabn | a|a d

040 ## - CATALOGING SOURCE

  • Original cataloging agency: NUST
  • Transcribing agency: NUST

100 ## - HEADING--PERSONAL NAME

  • Personal name: Khurshid,Anwar

670 ## - SOURCE DATA FOUND

  • Source citation: Work cat.: (NUST)351195: Khurshid,Anwar, The Challenge of Change at Teradata Global Consulting Centre (GCC) Pakistan (B)., 2010
© 2023 Central Library, National University of Sciences and Technology. All Rights Reserved.